| 000 | 00962nam a2200229 i 4500 | ||
|---|---|---|---|
| 001 | 95599 | ||
| 003 | ES-MaACL | ||
| 005 | 20230906181735.0 | ||
| 007 | t| | ||
| 008 | 050601s1945 sp ||||1| spa d | ||
| 100 | 1 |
_aLlanos y Torriglia, Félix de, _d1868-1949 _972719 |
|
| 245 | 1 | 0 |
_aRelaciones entre España e Inglaterra en tiempos de los Reyes Católicos / _cconferencia pronunciada por el Excmo. Sr. D. Félix de Llanos y Torriglia. |
| 260 |
_aMadrid : _b[s.n.], _c1945 ( _fImp. del Ministerio de Asuntos Exteriores) |
||
| 300 |
_a34 p. ; _c23 cm. |
||
| 500 | _aPrecede al tít.: Ministerio de Asuntos Exteriores- Escuela Diplomática. | ||
| 500 | _aDel v. Conferencias del Curso 1944-45. | ||
| 651 | 4 |
_aEspaña- _xRelaciones- _zGran Bretaña. _9143992 |
|
| 651 | 4 |
_aGran Bretaña- _xRelaciones- _zEspaña. _9143993 |
|
| 710 | 2 |
_aEscuela Diplomática (España) _93563 |
|
| 852 |
_aES-MaACL _j1853-F-7 _z.- Ded. ms. del autor |
||
| 999 |
_c95599 _d95599 |
||